Citations d'Astérix et Obélix : mission Cléopâtre (QCM) - Statistiques

Statistiques générales
  • Ce quiz a été pris 1 424 fois
  • Le résultat moyen est 8 sur 10
Statistiques - réponses
Question Réponse % Correct
"Mais, vous savez, moi je ne crois pas qu’il y ait de bonne ou de mauvaise situation. Moi, si je devais résumer ma vie aujourd’hui avec vous, je dirais que c’est d’abord _____." des rencontres
98%
"Plus vaste et plus somptueux que le _____? Je demande à voir." César Palace
96%
"Hue _____ ! Allez ! Tu n’avances pas du tout, _____ !" Cannabis
93%
"Il est bizarre ce sol, il est pas _____" palpable
92%
"Que dit vraiment Numérobis ? "Qu’est-ce que c’est que ce pays ? C’est pas possible. Il fait au moins _____" - 8.000
90%
"Dans _____ mois jour pour jour tu auras ton Palais." trois
87%
"J’avais aussi pensé à « Bande de _____, vous allez crever comme des _____ ». Mais ça faisait deux fois « _____ » donc…" chacals
83%
"Le lion ne s’associe pas avec _____." le cafard
82%
"Pas de pierre : pas de _____. Pas de _____ : pas de palais. Pas de palais... pas de palais." construction
63%
"Qu’il aille se le faire construire à Rome son palais, chacun chez soi, et les _____ seront bien gardés ! hippopotames
46%
Aucun quiz correspondant
Distribution des résultats
% des personnes avec chaque résultat
Percentile par nombre de réponses
Votre historique - résultats
Vous n’avez pas pris ce quiz